Regional seminar workshop on livestock based sustainable farming systems in the lower Mekong basin
में बचाया:
| स्वरूप: | पुस्तक |
|---|---|
| भाषा: | Undetermined |
| विषय: | |
| टैग : |
टैग जोड़ें
कोई टैग नहीं, इस रिकॉर्ड को टैग करने वाले पहले व्यक्ति बनें!
|
| Thư viện lưu trữ: | Trung tâm Học liệu Trường Đại học Cần Thơ |
|---|
| LEADER | 00388nam a2200121Ia 4500 | ||
|---|---|---|---|
| 001 | CTU_125818 | ||
| 008 | 210402s9999 xx 000 0 und d | ||
| 082 | |a 636 | ||
| 082 | |b R336 | ||
| 245 | 0 | |a Regional seminar workshop on livestock based sustainable farming systems in the lower Mekong basin | |
| 650 | |a Livestock | ||
| 904 | |i Truc | ||
| 980 | |a Trung tâm Học liệu Trường Đại học Cần Thơ | ||